000 00381nam a2200145 i 4500
001 72997
003 ES-MaACL
007 t|
008 040906s1923 xxk ||||1| eng d
100 1 _aGolding, Louis.
_957664
245 1 0 _aSeacoast of Bohemia /
_cby Louis Golding.
260 _aLondon :
_bChristophers,
_c1923.
300 _aVIII, 288 p. ;
_c20 cm.
852 _aES-MaACL
_jG-3246
999 _c72997
_d72997